00998cam a2200277 i 450000100090000000300040000900500170001300600190003000700150004900800410006401000170010502000180012202000180014004000280015804200080018605000110019408200210020510000280022624501330025426000310038730000120041850400510043065000410048170000380052277601600056021632371OSt20240221105351.0m |o d | cr |||||||||||181207s2019 enk ob 001 0 eng  a 2020693643 a9781351665360 z9781138062757 aDLCbengerdacDLCdDLC apcc00aTH340100a720.286223bPLE1 aPlevoets, Bie,eauthor.10aAdaptive reuse of the built heritage :bconcepts and cases of an emerging discipline /cBie Plevoets and Koenraad Van Cleempoel. aLondon:bRoutledge;c2019. a236 p.: aIncludes bibliographical references and index. 0aBuildingsxRemodeling for other use.1 aCleempoel, Koenraad Van,eauthor.08iPrint version:tAdaptive reuse of the built heritagedLondon ; New York : Routledge, Taylor & Francis Group, 2019.z9781138062757 (hbk.)w(DLC) 2018058371